000 00336 a2200169 4500
001 188150
020 _a
040 _cMagnum
100 _aCallado, Antônio
240 1 0 _aQuaruo
_lpor
245 1 0 _aQuaruo
300 _a496
362 0 _a1973
440 1 _aCivilização Brasileira
697 _aLITERATURA GERAL
942 _cBK
999 _c188150
_d188150